Innovació tecnològica i indústria a Catalunya / Miquel Barceló i Roca
ISBN:
84-7279-503-9
Descripción Física:
341 p. : taules ; 23 cm
Colección:
Llibres dels quaderns de tecnologia ; 2
MARC
| LEADER | 00000nam a2200000Ia 4500 | ||
|---|---|---|---|
| 001 | 18787 | ||
| 008 | 160829s1993 xx 000 0 cat d | ||
| 020 | |a 84-7279-503-9 | ||
| 080 | |a C-2-486 | ||
| 100 | |a Barceló i Roca, Miquel |9 45640 | ||
| 245 | |a Innovació tecnològica i indústria a Catalunya / Miquel Barceló i Roca | ||
| 260 | |a Barcelona : |b La Llar del Llibre, |c 1993 | ||
| 300 | |a 341 p. : |b taules ; |c 23 cm | ||
| 490 | |a Llibres dels quaderns de tecnologia ; 2 | ||
| 590 | |a Bibliografia | ||
| 650 | |a Innovacions tecnològiques |x Aspectes econòmics |x Catalunya |9 46371 | ||
| 650 | |a Indústries |x Catalunya |9 31541 | ||
| 901 | |a Arxiu | ||
| 942 | |n 1 | ||
| 952 | |0 0 |1 0 |4 0 |6 C2486 |7 1 |9 53172 |a Arxiu |b Arxiu |d 2016-12-01 |l 0 |o C-2-486 |p 18787 |r 2016-12-01 00:00:00 |w 2016-12-01 |y ARXIU | ||
| 999 | |c 57021 |d 57021 | ||